00641cam a22002291 4500001001300000003000400013005001700017008004100034010001700075025002000092035002000112040001800132042001200150050001700162100002100179245005300200250001400253260002900267300001800296600008000314999001700394sa 65009896 DLC20260227112205.0850517s1965 io 000 0bind  asa 65009896  aPL480:Indo-2019 a(OCoLC)23536558 aDLCcMiUdDLC apremarc00aDC137.1b.I31 aIdris, Soewardi.00aMarie Antoinette dari istana ketiang guellotine. a[Tjet. 1] aDjakarta,bTekad,c1965. a54 p.c18 cm.00aMarie Antoinette,cQueen, consort of Louis XVI, King of France,d1755-1793. c66499d66499